000 00807nam a2200253Ia 4500
003 OSt
005 20221005031236.0
006 a|||||r|||| 00| 0
007 ta
008 221004b |||||||| |||| 00| 0 eng d
020 _a0 521 33184 6 (pbk)
_c3640.11
024 _a120193
037 _b33758, 27/12/2011, Segment Book Distributors
_cTextual
040 _aCRL
_cCRL
_beng
041 _2eng
_aeng
082 _aV67.N5<-J, M7
100 _aAbun - Nasr Jamil M.
_9144194
245 0 _aHistory of the maghrib in the Islamic period
260 _aCambrige
_bCambridge University Press UK
_c1987
300 _axvi, 455p.
_ccm.
650 _aHISTORY
942 _hV67.N5<-J, M7
_cTEXL
_2cc
999 _c937425
_d937425